21-30 - Statystyki

Ogólne statystyki
  • Ten quiz został rozwiązany 105 razy
  • Średni wynik to 10 z 10
Statystyki odpowiedzi
21-30 % Poprawnych
22
100%
21
99%
23
99%
24
99%
25
99%
26
99%
27
99%
28
99%
29
99%
30
99%
Nie znaleziono quizów pasujących do podanych kryteriów
Rozkład punktacji
Procent ludzi z każdym wynikiem
Percentyl według liczby udzielonych odpowiedzi
Twoja historia wyników
Nie rozwiązałeś tego quizu